[Event "LUX-ch U18"]
[Site "Bonnevoie"]
[Date "2000.02.27"]
[Round "2"]
[White "Felix, Ricardo"]
[Black "Verlaine, Alex"]
[Result "0-1"]
[WhiteElo "1557"]
[BlackElo "1984"]
[PlyCount "155"]
[EventDate "2000.02.26"]
[EventType "swiss"]
[EventRounds "7"]
[EventCountry "LUX"]
[SourceTitle "EXT 2005"]
[Source "ChessBase"]
[SourceDate "2004.11.15"]
[SourceVersion "1"]
[SourceVersionDate "2004.11.15"]
[SourceQuality "1"]

1. e4 d6 2. d4 Nf6 3. Nc3 g6 4. Bg5 c6 5. e5 Nd5 6. Nxd5 cxd5 7. f4 Bg7 8. Nf3 Nc6 9. c3 0-0 10. Be2 dxe5 11. fxe5 f6 12. exf6 exf6 13. Bh4 Be6 14. 0-0 Ne7 15. Bf2 g5 16. Bd3 Qe8 17. Qe2 Bf5 18. Rfe1 Bxd3 19. Qxd3 Qd7 20. Re2 Ng6 21. Bg3 b5 22. Rae1 Rae8 23. Rxe8 Rxe8 24. Qd2 h5 25. h3 h4 26. Bh2 Bf8 27. Re2 a6 28. Kh1 Rxe2 29. Qxe2 Kf7 30. Qf1 Ke7 31. Qd3 Kf7 32. Qf1 Qf5 33. Qc1 Qe4 34. b3 Qe2 35. a4 bxa4 36. bxa4 Qc4 37. Qc2 Qf1+ 38. Ng1 Qc4 39. Nf3 Qf1+ 40. Ng1 Kg7 41. Qb2 Qc4 42. Qc2 Qc6 43. Qb3 Bd6 44. Bxd6 Qxd6 45. Ne2 Qe6 46. Qc2 Ne7 47. Qd3 Nf5 48. Kg1 Qe3+ 49. Qxe3 Nxe3 50. Kf2 Nd1+ 51. Kf3 Nb2 52. a5 Nc4 53. g3 hxg3 54. Nxg3 Kg6 55. Kg4 Nxa5 56. Nf5 Kf7 57. h4 gxh4 58. Kxh4 Nc4 59. Ng3 a5 60. Ne2 a4 61. Nc1 a3 62. Na2 Ke6 63. Kg4 Nb2 64. Kf4 Nd3+ 65. Ke3 Ne1 66. Ke2 Ng2 67. Kf3 Nh4+ 68. Kg4 Ng6 69. Kf3 Kf5 70. Nb4 Nh4+ 71. Ke3 Kg4 72. Kf2 Nf5 73. Na2 Kf4 74. Nb4 Ke4 75. Ke2 Nd6 76. Kf2 Nb5 77. Na2 Kd3 78. Nb4+ 0-1